000 00518nam a22001817a 4500
999 _c6004
_d6004
003 AR-CdUCM
008 190313b ||||| |||| 00| 0 spa d
040 _aMUNICIPALIDAD PROVINCIAL DEL CUSCO
_cBIBLIOTECA MUNICIPAL DEL CUSCO
082 _a869.56 /
_bA33
100 _aAlarco, Rosa
_917575
245 _aLos seres ardientes /
260 _aLima :
_bInstituto Cultural Rosa Alarco,
_c1980.
300 _a22 páginas ;
_c20 cm.
505 _aPoesía.
650 _aPoesía.
_9139
942 _2ddc
_cLIBROS
945 _awfj